000
00277nam a22001217a 4500
008
181106b xxu||||| |||| 00| 0 eng d
041
_a
eng
080
_a
370
100
_a
49
101
_a
EDU
245
_a
Word Pak Building Through Literature
_c
Robert.L
942
_2
udc
_c
BK
999
_c
51999
_d
51999